'WKRP in Cincinnati' Theme Song Quiz Stats

 Plays Quiz Updated Mar 3, 2020

Support Sporcle.
Go Orange.
Score 0/59 Timer 05:00
1 Play Today
% Correct
in
95.7%
in
95.7%
in
95.7%
Cincinnati,
94.3%
Cincinnati
94.3%
Cincinnati.
94.3%
WKRP.
94.1%
WKRP
94.1%
the
93.4%
the
93.4%
a
92.9%
you
87.1%
on
84.7%
me,
82.1%
me
82.1%
me
82.1%
be.
82%
of
80.1%
of
80.1%
of
80.1%
of
80.1%
air
79.5%
and
77.9%
and
77.9%
and
77.9%
what
76.4%
I'm
76.4%
I'm
76.4%
ever
73.5%
ever
73.5%
% Correct
to
72.8%
to
72.8%
living
72.7%
if
72.4%
Baby,
69.1%
became
67.9%
at
66.1%
wondered,
63.9%
Wondered
63.9%
were
59.6%
up
59.6%
down
58.7%
you've
58.1%
think
57%
tired
56%
packing
55.2%
unpacking,
54.9%
dial,
54.7%
meant
54.4%
Got
53.9%
while.
53.8%
never
53.2%
once
52.7%
Maybe
50.4%
maybe
50.4%
Town
46.4%
town
46.4%
Just
46.3%
kind
38.5%

You're not logged in!

Compare scores with friends on all Sporcle quizzes.
OR
Log In

From the Vault

The 'D' Movies

by broxx

Not to be confused with D-List movies.
Remove Ads.
Support Sporcle.
Get the best of Sporcle when you Go Orange. This ad-free experience offers more features, more stats, and more fun while also helping to support Sporcle. Thank you for becoming a member.

Show Comments

Extras

Top Quizzes Today


Score Distribution

Your Account Isn't Verified!

In order to create a playlist on Sporcle, you need to verify the email address you used during registration. Go to your Sporcle Settings to finish the process.

Report this User

Report this user for behavior that violates our Community Guidelines.

Details: